LEADER 02320nam 2200565 a 450 001 9910462761203321 005 20200520144314.0 010 $a0-8389-9631-0 035 $a(CKB)2670000000390273 035 $a(EBL)1224555 035 $a(OCoLC)872671629 035 $a(SSID)ssj0000918334 035 $a(PQKBManifestationID)11588594 035 $a(PQKBTitleCode)TC0000918334 035 $a(PQKBWorkID)10908120 035 $a(PQKB)10560749 035 $a(OCoLC)852149494 035 $a(MiAaPQ)EBC1224555 035 $a(Au-PeEL)EBL1224555 035 $a(CaPaEBR)ebr10751710 035 $a(EXLCZ)992670000000390273 100 $a20130911d2013 uy 0 101 0 $aeng 135 $aurcn||||||||| 181 $ctxt 182 $cc 183 $acr 200 14$aThe librarian's nitty-gritty guide to social media$b[electronic resource]$fLaura Solomon 205 $a4th ed. 210 $aChicago, Ill. $cALA Editions$dc2013 215 $a1 online resource (226 p.) 300 $aDescription based upon print version of record. 311 $a0-8389-1160-9 320 $aIncludes bibliographical references and index. 327 $aContents; Introduction; Chapter 1: Getting a (Better) Grip on Social Media; Chapter 2: Getting Started; Chapter 3: Understanding Social Capital; Chapter 4: Strategies for Social Media Success; Chapter 5: Rethinking Status Updates; Chapter 6: Fine-Tuning Facebook; Chapter 7: Teens and Social Media; Chapter 8: Online Reputation Management; Chapter 9: What Can We Count?; Chapter 10: Social Media in the Long Term; Chapter 11: A Few Final Words; Bibliography; Index 330 $aSolomon, a librarian with extensive experience in web development, design, and technology, cuts to the chase with this invaluable guide to using social media in any kind of library. 606 $aOnline social networks$xLibrary applications 606 $aSocial media 608 $aElectronic books. 615 0$aOnline social networks$xLibrary applications. 615 0$aSocial media. 676 $a006.7/54 700 $aSolomon$b Laura$f1967-$0937127 801 0$bMiAaPQ 801 1$bMiAaPQ 801 2$bMiAaPQ 906 $aBOOK 912 $a9910462761203321 996 $aThe librarian's nitty-gritty guide to social media$92110719 997 $aUNINA LEADER 01543nam 2200385Ia 450 001 996397293403316 005 20210104171936.0 035 $a(CKB)4940000000063339 035 $a(EEBO)2264197968 035 $a(OCoLC)ocn690987909e 035 $a(OCoLC)690987909 035 $a(EXLCZ)994940000000063339 100 $a20101209d1676 uy 0 101 0 $aeng 135 $aurbn||||a|bb| 200 14$aThe Christians blessed choice. or, The Godly mans resolution to cleave fast to God and his truth, notwithstanding trials, troubles, and persecutions$b[electronic resource] $eVery seasonable for these times /$fby J.H. a servant of Jesus Christ 210 $aLondon $cPrinted for W. Thackeray, P. Brooksby, J. Williamson, and J. Hose$d1676 215 $a[46] p. $cport 300 $aJ.H. = John Hart. Cf. Wing (2nd ed.). 300 $aFrontispiece port. captioned: "John Hart, D.D." 300 $aReproduction of original in: British Library. 330 $aeebo-0018 606 $aChristian life$vEarly works to 1800 606 $aFaith$vEarly works to 1800 606 $aSermons, English$y17th century$vEarly works to 1800 615 0$aChristian life 615 0$aFaith 615 0$aSermons, English 700 $aHart$b John$cD.D.$0195672 801 0$bUMI 801 1$bUMI 906 $aBOOK 912 $a996397293403316 996 $aThe Christians blessed choice. or, The Godly mans resolution to cleave fast to God and his truth, notwithstanding trials, troubles, and persecutions$92374167 997 $aUNISA LEADER 05507nam 2200913 450 001 9910828365603321 005 20231206222324.0 010 $a1-55238-846-8 024 7 $a10.1515/9781552388464 035 $a(CKB)3710000000666543 035 $a(EBL)4530358 035 $a(OOCEL)467970 035 $a(OCoLC)939203557 035 $a(CaBNVSL)kck00236820 035 $a(Au-PeEL)EBL4530358 035 $a(CaPaEBR)ebr11213053 035 $a(Au-PeEL)EBL4952080 035 $a(CaONFJC)MIL921072 035 $a(PPN)253619408 035 $a(DE-B1597)664090 035 $a(DE-B1597)9781552388464 035 $a(VaAlCD)20.500.12592/xq9sfq 035 $a(MiAaPQ)EBC4530358 035 $a(EXLCZ)993710000000666543 100 $a20160205d2016 uy 0 101 0 $aeng 135 $aur|n|---||||| 181 $ctxt$2rdacontent 181 $2rdacontent 182 $2rdamedia 183 $2rdacarrier 200 00$aFrom Kinshasha to Kandahar $eCanada and fragile states in historical perspective /$fedited by Michael K. Carroll and Greg Donaghy 205 $a1st ed. 210 1$aCalgary, Alberta :$cUniversity of Calgary Press,$d[2016] 210 2$aOttawa, Ontario :$cCanadian Electronic Library,$d2016. 215 $a1 online resource (306 p.) 225 1 $aBeyond boundaries : Canadian defence and strategic studies series,$x1716-2645 ;$vno. 6 300 $aIssued as part of the Canadian Electronic Library. Canadian publishers collection. 311 $a1-55238-844-1 320 $aIncludes bibliographical references and index. 327 $aIntroduction / Michael K. Carroll and Greg Donaghy -- Responding to Failed and Fragile States: The Evolution of Canadian Policy / Tom Keating -- Present at the Creation? Canada, United Nations' Intervention, and the Congo as a Failed State, 1960-64 / Kevin A. Spooner -- The Politics of African Intervention: Canada and Biafra, 1967-70 / Stephanie Bangarth -- Failing Fragile States: Canada and East Timor / David Webster -- Entangled: Canadian Engagement in Haiti, 1968-2010 / Andrew S. Thompson -- Diagnostic Confusion and Missed Opportunities: Canada and Pakistan's "Failed State" / Julian Schofield -- Bosnia: From Failed State to Functioning State / Duane Bratt -- Six Years in Kandahar: Understanding Canada's Multidimensional Effort to Build a Sustainable Afghan State / Stephen M. Saideman -- Canada and Fragile States in the Americas / Jean Daudelin -- Corporate Social Responsibility in Fragile and Stable States: Dilemmas and Opportunities in South Sudanand Ghana / Hevina S. Dashwood -- Conclusion / Darren Brunk. 330 $a"Failed or fragile states are those that are unable or unwilling to provide a socio-political framework for citizens and meet their basic needs. They are a source of terrorism and international crime, as well as incubators of infectious disease, environmental degradation, and unregulated mass migration. Canada's engagement with countries such as the Congo, East Timor, Bosnia, and Afghanistan underlines the commitment of successive Canadian governments to addressing the threats posed to Western security by state fragility. From Kinshasa to Kandahar: Canada and Fragile States in Historical Perspective brings together leading Canadian historians and political scientists to explore Canada's historic relationship with fragile states. The collection spans the period from the 1960s to the present and covers a geographical range that stretches from the Middle East to Latin America to Southeast Asia. Authors embrace a variety of approaches and methodologies, including traditional archival historical research, postmodern textual analysis, oral history, and administrative studies to chronicle and explain Canada's engagement with fragile and failed states. This collection reflects the growing public interest in the issue of failed states, which are of increasing concern to Canadian policymakers and are making headlines on the world stage. It helps explain the historic forces that have shaped Canadian policy towards failed and fragile states, and provides a platform for a national discussion about Canada's future role addressing state fragility."--$cProvided by publisher. 410 0$aBeyond boundaries series,$x1716-2645 ;$vno. 6. 606 $aFailed states$xHistory$y20th century 607 $aFailed states$xHistory$y21st century 607 $aCanada$xForeign relations$y1945- 610 $aAfghan government. 610 $aAfghan state. 610 $aAfghanistan war book. 610 $aAfghanistan war. 610 $aAfghanistan. 610 $aBiafra. 610 $aBosnia East Timor. 610 $aCanadian Policy. 610 $aCanadian international policy. 610 $aGhana. 610 $aHaiti. 610 $aIraq war. 610 $aPakistan. 610 $aSouth America. 610 $aSouth Sudan. 610 $aUN Intervention. 610 $aUnited Nations intervention. 610 $acharacteristics of failed states. 610 $afailed states book. 610 $afailed states. 610 $afragile states. 610 $athreats of failed states. 615 0$aFailed states$xHistory 676 $a327.7109/045 702 $aDonaghy$b Greg$f1961- 702 $aCarroll$b Michael K$g(Michael Kiernan), 801 0$bMiAaPQ 801 1$bMiAaPQ 801 2$bMiAaPQ 906 $aBOOK 912 $a9910828365603321 996 $aFrom Kinshasha to Kandahar$93930265 997 $aUNINA